| 000 | 00774pam a2200253 a 4500 | ||
|---|---|---|---|
| 999 |
_c3540 _d3540 |
||
| 001 | 8453 | ||
| 003 | BD-DhUAP | ||
| 005 | 20200308161154.0 | ||
| 008 | 200308s1986 nyua 001 0 eng | ||
| 020 | _a0070851700 | ||
| 020 | _a9780070851702 | ||
| 040 |
_aBD-DhUAP _cBD-DhUAP _dBD-DhUAP _bEng |
||
| 082 | 0 | 0 |
_a621.3815 DEB _223 |
| 100 | _aDeboo, Gordon J. | ||
| 245 |
_aIntegrated circuits and semiconductor devices : _btheory and applications / _cGordon J. Deboo and Clifford N. Burrous. |
||
| 250 | _a2nd ed. | ||
| 260 |
_aNew York : _bMcGraw-Hill, _cc1977. |
||
| 300 |
_axii, 479 pages : _billustrations ; _c21 cm. |
||
| 500 | _aIncludes index. | ||
| 650 | _aSemiconductors | ||
| 650 | _aIntegrated circuits. | ||
| 700 | _aBurrous, Clifford N. | ||
| 942 |
_2ddc _cBK |
||